[Event "VIE-ch U13"]
[Site "Ho Chi Minh City"]
[Date "2022.07.15"]
[Round "7"]
[White "Giap, Xuan Cuong"]
[Black "Nguyen, Phu Trong"]
[Result "1/2-1/2"]
[WhiteElo "2313"]
[BlackElo "2317"]
[PlyCount "59"]
[EventDate "2022.07.11"]
[EventType "swiss"]
[EventRounds "9"]
[EventCountry "VIE"]
[SourceTitle "EXT 2023"]
[Source "ChessBase"]
[SourceDate "2022.10.05"]
[SourceVersion "1"]
[SourceVersionDate "2022.10.05"]
[SourceQuality "1"]

1. d4 d5 2. c4 e6 3. Nc3 Nf6 4. Nf3 Be7 5. Bg5 0-0 6. e3 b6 7. cxd5 exd5 8. Bd3 Bb7 9. 0-0 Nbd7 10. Rc1 c5 11. b3 Rc8 12. Na4 a6 13. dxc5 b5 14. Nb6 Nxb6 15. cxb6 Qxb6 16. Bxf6 Bxf6 17. Bf5 Rc5 18. Rxc5 Qxc5 19. Qc1 Qd6 20. Qc2 g6 21. Bh3 Bg7 22. Rc1 f5 23. g3 d4 24. Bg2 dxe3 25. fxe3 Bxf3 26. Bxf3 Qe5 27. Qc5 Qxc5 28. Rxc5 Re8 29. Kf2 Bh6 30. Rc3 1/2-1/2

[Event "VIE-ch U13"]
[Site "Ho Chi Minh City"]
[Date "2022.07.14"]
[Round "5"]
[White "Do, Quang Minh1"]
[Black "Nguyen, Phu Trong"]
[Result "1-0"]
[WhiteElo "2320"]
[BlackElo "2317"]
[PlyCount "151"]
[EventDate "2022.07.11"]
[EventType "swiss"]
[EventRounds "9"]
[EventCountry "VIE"]
[SourceTitle "EXT 2023"]
[Source "ChessBase"]
[SourceDate "2022.10.05"]
[SourceVersion "1"]
[SourceVersionDate "2022.10.05"]
[SourceQuality "1"]

1. e4 c5 2. Nf3 d6 3. d4 cxd4 4. Nxd4 Nf6 5. Nc3 g6 6. Be2 Bg7 7. 0-0 0-0 8. Be3 Bd7 9. f4 Nc6 10. Nb3 a6 11. Qe1 Qc7 12. Bf3 Bg4 13. Bxg4 Nxg4 14. Nd5 Qd8 15. Bb6 Qd7 16. c3 e6 17. Ne3 Nxe3 18. Qxe3 Ne7 19. Rad1 Rac8 20. Bc5 Rc6 21. Na5 Nc8 22. Nxc6 Qxc6 23. Ba3 Re8 24. Qf3 b5 25. f5 exf5 26. exf5 Qb6+ 27. Qf2 Qxf2+ 28. Rxf2 Nb6 29. Rdd2 Nc4 30. Rde2 Rd8 31. f6 Bh6 32. Rf3 Bc1 33. Rf1 Bg5 34. g3 Be3+ 35. Kh1 Bb6 36. Rfe1 Kf8 37. Bb4 a5 38. Ba3 Nxa3 39. bxa3 Bc5 40. a4 bxa4 41. Kg2 a3 42. Kf3 h6 43. Rb1 Re8 44. Rxe8+ Kxe8 45. Rb8+ Kd7 46. Rb5 Ke6 47. Rxa5 Kxf6 48. Ra4 Ke5 49. Re4+ Kf5 50. g4+ Kf6 51. c4 Bb4 52. Ke2 Kg5 53. Kf3 Kf6 54. Re2 Kg5 55. Kg3 Bc5 56. Re1 Kf6 57. h4 Bb4 58. Re2 Bc5 59. Kf4 g5+ 60. hxg5+ hxg5+ 61. Ke4 Ke6 62. Rd2 f6 63. Rd5 Bb4 64. Rb5 Bc5 65. Rb3 Kd7 66. Kf5 Bd4 67. Rxa3 Kc6 68. Ra5 Bc3 69. Rd5 Be5 70. Ke6 Kc7 71. a4 Kb6 72. Rb5+ Ka6 73. a5 Ka7 74. Rb6 Bc3 75. Rxd6 Bxa5 76. Kxf6 1-0

[Event "VIE-ch U13"]
[Site "Hanoi"]
[Date "2022.06.14"]
[Round "5"]
[White "Nguyen, Tran Huy Khanh"]
[Black "Nguyen, Phu Trong"]
[Result "1-0"]
[WhiteElo "2352"]
[BlackElo "2334"]
[PlyCount "73"]
[EventDate "2022.06.11"]
[EventType "swiss"]
[EventRounds "9"]
[EventCountry "VIE"]
[SourceTitle "EXT 2023"]
[Source "ChessBase"]
[SourceDate "2022.10.05"]
[SourceVersion "1"]
[SourceVersionDate "2022.10.05"]
[SourceQuality "1"]

1. d4 d5 2. c4 e6 3. Nc3 Nf6 4. cxd5 exd5 5. Bg5 Be7 6. e3 Bf5 7. Bxf6 Bxf6 8. Qb3 0-0 9. Qxd5 Qc8 10. Qb3 Nc6 11. Nf3 Re8 12. Be2 Rb8 13. 0-0 a6 14. a4 Bg6 15. Rfe1 Qd8 16. Nd5 Be7 17. Nxe7+ Qxe7 18. Bd3 Bh5 19. Nd2 Qg5 20. Ne4 Qa5 21. Qc3 Qd5 22. Ng3 Bg6 23. Bxg6 hxg6 24. Rad1 Rbd8 25. e4 Qd7 26. d5 Ne5 27. f4 Ng4 28. b3 Qd6 29. h3 Nf6 30. Qf3 Qb4 31. Re3 Qc5 32. Kh2 c6 33. Red3 cxd5 34. e5 Ne4 35. Nxe4 dxe4 36. Rxd8 Rxd8 37. Rxd8+ 1-0

[Event "VIE-ch U09"]
[Site "Hai Phong"]
[Date "2018.07.10"]
[Round "6"]
[White "Nguyen, Phu Trong"]
[Black "Nguyen, Duc Hieu"]
[Result "1-0"]
[WhiteElo "1942"]
[BlackElo "1933"]
[PlyCount "71"]
[EventDate "2018.07.07"]
[EventType "swiss"]
[EventRounds "9"]
[EventCountry "VIE"]
[SourceTitle "EXT 2019"]
[Source "ChessBase"]
[SourceDate "2018.10.10"]
[SourceVersion "1"]
[SourceVersionDate "2018.10.10"]
[SourceQuality "1"]

1. e4 e5 2. d4 exd4 3. Bc4 c5 4. Nf3 Nc6 5. 0-0 g6 6. Re1 d6 7. h3 Bg7 8. Ng5 Nh6 9. c3 0-0 10. Nf3 dxc3 11. Nxc3 Kh8 12. Bf4 Ne5 13. Nxe5 dxe5 14. Be3 Be6 15. Bxe6 fxe6 16. Bxc5 Re8 17. Qb3 b6 18. Be3 Qf6 19. Nb5 Qe7 20. Rac1 Rec8 21. Rxc8+ Rxc8 22. Rd1 Nf7 23. Qa4 Bh6 24. Bxh6 Nxh6 25. Qxa7 Qxa7 26. Nxa7 Ra8 27. Rd7 Ng8 28. a3 Nf6 29. Rf7 Nxe4 30. Nc6 Ng5 31. Rc7 e4 32. Ne5 Ra5 33. Nd7 Rb5 34. a4 Nf7 35. Nf6 Nd6 36. Rxh7# 1-0

[Event "VIE-ch U09"]
[Site "Hai Phong"]
[Date "2018.07.09"]
[Round "4"]
[White "Nguyen, Phu Trong"]
[Black "Nguyen, Thai Son"]
[Result "0-1"]
[WhiteElo "1942"]
[BlackElo "1965"]
[PlyCount "115"]
[EventDate "2018.07.07"]
[EventType "swiss"]
[EventRounds "9"]
[EventCountry "VIE"]
[SourceTitle "EXT 2019"]
[Source "ChessBase"]
[SourceDate "2018.10.10"]
[SourceVersion "1"]
[SourceVersionDate "2018.10.10"]
[SourceQuality "1"]

1. e4 c5 2. Nc3 Nc6 3. f4 g6 4. Nf3 Bg7 5. Bc4 e6 6. 0-0 Nge7 7. d3 0-0 8. Qe1 d5 9. Bb3 a6 10. Qh4 b5 11. f5 exf5 12. Bh6 c4 13. Bxg7 Kxg7 14. exd5 cxb3 15. dxc6 bxc2 16. c7 Qxc7 17. Qd4+ Kg8 18. Rfe1 Bb7 19. Qf6 Nd5 20. Nxd5 Bxd5 21. Nd4 Qd8 22. Qxd8 Rfxd8 23. Nxc2 Be6 24. Nb4 a5 25. Nc6 Rxd3 26. Rad1 Rxd1 27. Rxd1 Bxa2 28. Rd7 Be6 29. Rb7 b4 30. Kf2 Kf8 31. Nd4 Ra6 32. Ke3 Bd5 33. Rb8+ Kg7 34. g3 Ra7 35. Rb5 Be4 36. g4 Re7 37. Kf4 Bd3 38. Rd5 Re4+ 39. Kg3 Rxg4+ 40. Kf2 Be4 41. Rd7 Rg2+ 42. Ke3 Rxb2 43. Ne6+ Kf6 44. Nd8 Rb3+ 45. Ke2 Rb2+ 46. Ke3 Rxh2 47. Rxf7+ Kg5 48. Ne6+ Kg4 49. Nf8 b3 50. Nxh7 Rxh7 51. Rxh7 b2 52. Rh6 f4+ 53. Kf2 b1Q 54. Ke2 Qc2+ 55. Ke1 Bf3 56. Rxg6+ Kf5 57. Re6 Kxe6 58. Kf1 0-1

[Event "VIE-ch U09"]
[Site "Hai Phong"]
[Date "2018.07.09"]
[Round "5"]
[White "Pham, Tran Gia Phuc"]
[Black "Nguyen, Phu Trong"]
[Result "1-0"]
[WhiteElo "1961"]
[BlackElo "1942"]
[PlyCount "73"]
[EventDate "2018.07.07"]
[EventType "swiss"]
[EventRounds "9"]
[EventCountry "VIE"]
[SourceTitle "EXT 2019"]
[Source "ChessBase"]
[SourceDate "2018.10.10"]
[SourceVersion "1"]
[SourceVersionDate "2018.10.10"]
[SourceQuality "1"]

1. d4 Nf6 2. c4 g6 3. Nc3 Bg7 4. e4 d6 5. Nf3 0-0 6. Be2 e5 7. d5 Nbd7 8. 0-0 Nc5 9. Qc2 Nfxe4 10. Nxe4 Bf5 11. Nfd2 Bh6 12. Bf3 Qh4 13. g3 Qe7 14. b4 Nxe4 15. Nxe4 Bxc1 16. Raxc1 Bxe4 17. Bxe4 f5 18. Bg2 Rae8 19. a4 Qd7 20. c5 f4 21. c6 bxc6 22. Qxc6 Qg4 23. Qc4 Qh5 24. f3 Qg5 25. Qxc7 fxg3 26. hxg3 Qxg3 27. Qxa7 Qg5 28. a5 Rxf3 29. Rxf3 Qxc1+ 30. Rf1 Qc8 31. Qf7+ Kh8 32. Qf6+ Kg8 33. Bh3 Qb8 34. Be6+ Rxe6 35. dxe6 Qa7+ 36. Rf2 h5 37. e7 1-0